<?xml version="1.0" encoding="UTF-8"?>
<record
    xmlns:xsi="http://www.w3.org/2001/XMLSchema-instance"
    xsi:schemaLocation="http://www.loc.gov/MARC21/slim http://www.loc.gov/standards/marcxml/schema/MARC21slim.xsd"
    xmlns="http://www.loc.gov/MARC21/slim">

  <leader>02606nam a22001697a 4500</leader>
  <controlfield tag="008">190806b        xxu||||| |||| 00| 0 eng d</controlfield>
  <datafield tag="020" ind1=" " ind2=" ">
    <subfield code="a">9781780171296</subfield>
  </datafield>
  <datafield tag="050" ind1=" " ind2=" ">
    <subfield code="a">HF5415.1265.B769(2e)</subfield>
  </datafield>
  <datafield tag="100" ind1=" " ind2=" ">
    <subfield code="a">Brown, Eileen.</subfield>
  </datafield>
  <datafield tag="245" ind1=" " ind2=" ">
    <subfield code="a">Working the crowd: social media marketing for business. /</subfield>
    <subfield code="c">Eileen Brown.</subfield>
  </datafield>
  <datafield tag="250" ind1=" " ind2=" ">
    <subfield code="b">2nd ed.</subfield>
  </datafield>
  <datafield tag="260" ind1=" " ind2=" ">
    <subfield code="a">Swindon :</subfield>
    <subfield code="b">British Informatics Society Limited,</subfield>
    <subfield code="c">2012.</subfield>
  </datafield>
  <datafield tag="300" ind1=" " ind2=" ">
    <subfield code="a">xvii, 170 p. :</subfield>
    <subfield code="b">ill. ;</subfield>
    <subfield code="c">25 cm.</subfield>
  </datafield>
  <datafield tag="500" ind1=" " ind2=" ">
    <subfield code="a">Includes index.</subfield>
  </datafield>
  <datafield tag="505" ind1=" " ind2=" ">
    <subfield code="a">Contents: Why do we want a social media strategy:  Socially connected -- Online and face to face  networking -- The new way of communicating: Is this the new fad for the 21st century -- Why do you need social connections -- The new way of marketing to your customers -- Your social media success plan: Spotting the social media snake oil salesman -- Measurements and metrics -- What is right for your organisation -- Social media is not the new way of communicating -- The growth of the web 2.0 world -- Socialising and interacting  -- Your strong and weak ties -- The tools of the new web: The tools of web 2.0 -- The power of collective human knowledge -- Tools.tools,tools -- Virtual worlds and gaming -- Networks: A site for every purpose -- Classifieds -- The instant news channel -- Social networks and the younger generation -- The new way of marketing -- The online brand: Managing your brand -- Starting to create your personal brand -- The potential for reputation damage -- Brand impact and brand success: The impact of social media inside your business -- Using twitter to grow your business-dell style -- Corporate guidelines and policies -- Managing re brands and brand migration -- Connections and reputation: Making sense of social networking -- Community connections and recommendations -- Consolidating your approach -- Your existing brand -- Discovery: Creating and publishing your brand -- Using social media for recruitment -- Discovering the influences in your audience -- Starting your social media plan -- Scaling networks: Scaling networks -- Our behavior is influenced by our age -- Other ways of broadcasting your message -- Inside the firewall -- Customer service -- Relationships and engagement: Twitter for your business -- Relationships and engagement -- Cultivating your advocates -- Social marketing -- Dealing with the flood of information -- Amplifying your message: Communities and influencers -- Viral awareness -- Online gaming for social causes -- Recording and tracking  -- Where is it all going: The new way of using the platform -- The mobile opportunity.</subfield>
  </datafield>
  <datafield tag="942" ind1=" " ind2=" ">
    <subfield code="2">lcc</subfield>
    <subfield code="c">BK</subfield>
  </datafield>
  <datafield tag="999" ind1=" " ind2=" ">
    <subfield code="c">6864</subfield>
    <subfield code="d">14364</subfield>
  </datafield>
  <datafield tag="952" ind1=" " ind2=" ">
    <subfield code="0">0</subfield>
    <subfield code="1">0</subfield>
    <subfield code="2">lcc</subfield>
    <subfield code="4">0</subfield>
    <subfield code="7">0</subfield>
    <subfield code="a">WIUC-1</subfield>
    <subfield code="b">WIUC-1</subfield>
    <subfield code="c">SPECIAL REF</subfield>
    <subfield code="d">2019-08-06</subfield>
    <subfield code="l">0</subfield>
    <subfield code="o">HF5415.1265.B769(2e)</subfield>
    <subfield code="p">8468/062/19</subfield>
    <subfield code="r">2019-08-06 00:00:00</subfield>
    <subfield code="w">2019-08-06</subfield>
    <subfield code="y">BK</subfield>
  </datafield>
  <datafield tag="952" ind1=" " ind2=" ">
    <subfield code="0">0</subfield>
    <subfield code="1">0</subfield>
    <subfield code="2">lcc</subfield>
    <subfield code="4">0</subfield>
    <subfield code="7">0</subfield>
    <subfield code="a">WIUC-KL</subfield>
    <subfield code="b">WIUC-KL</subfield>
    <subfield code="d">2019-11-19</subfield>
    <subfield code="l">0</subfield>
    <subfield code="o">HF5415.1265.B76(2e)</subfield>
    <subfield code="p">K/2200/2200/19</subfield>
    <subfield code="r">2022-11-03 00:00:00</subfield>
    <subfield code="t">1</subfield>
    <subfield code="w">2022-11-03</subfield>
    <subfield code="y">BK</subfield>
  </datafield>
  <datafield tag="952" ind1=" " ind2=" ">
    <subfield code="0">0</subfield>
    <subfield code="1">0</subfield>
    <subfield code="2">lcc</subfield>
    <subfield code="4">0</subfield>
    <subfield code="7">0</subfield>
    <subfield code="a">WIUC-KL</subfield>
    <subfield code="b">WIUC-KL</subfield>
    <subfield code="d">2019-11-19</subfield>
    <subfield code="l">0</subfield>
    <subfield code="o">HF5415.1265.B761(2e)</subfield>
    <subfield code="p">K/2201/2201/19</subfield>
    <subfield code="r">2022-11-03 00:00:00</subfield>
    <subfield code="t">2</subfield>
    <subfield code="w">2022-11-03</subfield>
    <subfield code="y">BK</subfield>
  </datafield>
  <datafield tag="952" ind1=" " ind2=" ">
    <subfield code="0">0</subfield>
    <subfield code="1">0</subfield>
    <subfield code="2">lcc</subfield>
    <subfield code="4">0</subfield>
    <subfield code="7">0</subfield>
    <subfield code="a">WIUC-KL</subfield>
    <subfield code="b">WIUC-KL</subfield>
    <subfield code="d">2019-11-19</subfield>
    <subfield code="l">0</subfield>
    <subfield code="o">HF5415.1265.B762(2e)</subfield>
    <subfield code="p">K/2202/2202/19</subfield>
    <subfield code="r">2022-11-03 00:00:00</subfield>
    <subfield code="t">3</subfield>
    <subfield code="w">2022-11-03</subfield>
    <subfield code="y">BK</subfield>
  </datafield>
</record>
